000 01122cad a22002055a 4500
001 L147491
008 090515e20090512xxk f 000 0 eng d
035 _a(Sirsi) u147491
041 0 _aeng
110 1 _aRoyal Institution of Chartered Surveyors
_94900
245 0 0 _aOpen-ended Real Estate funds to be regulated in the EU
_h[electronic resource]
260 _c2009
490 0 _aRICS Feature
_v12 May 2009
520 _aDiscusses a European Commission proposal for a Directive on Alternative Investment Fund Managers (AIFM), which was presented on 29 April 2009. AIF includes Open-Ended Real Estate Funds, and the Directive will introduce a harmonised regulatory framework for AIFM in the EU. AIFs are defined as all funds that do not fall under the UCITS Directive on harmonised investment funds in the EU. The proposal will now be discussed by the European Parliament, who will take it up after the upcoming election and vacation period.
590 _aKA
651 4 _aEurope
690 _aPROPERTY-PROPERTY FINANCE AND INVESTMENT
856 4 0 _auzView the article free of charge at www.rics.org...
942 _n0
999 _c81547
_d81547